000 00361nam a2200145Ia 4500
008 151213s9999 xx 000 0 und d
100 _aObaidul Haq Chowdhury
245 _aEvidence Act
_cObaidul Haq Chowdhury
260 _aDhaka
_bLow Report
_c2004
300 _a2087 p.
650 _aLaw
650 _aLaw
700 _aObaidul Haq Chowdhury
999 _c1537
_d1537